Servei d'Integració Sociolaboral [Enregistrament de vídeo]
Descripción Física:
1 disc òptic (DVD) 11 min : col., so
MARC
| LEADER | 00000nam a2200000Ia 4500 | ||
|---|---|---|---|
| 001 | 21008 | ||
| 008 | 160829s2003 xx 000 0 cat d | ||
| 080 | |a CD-1-142 | ||
| 245 | |a Servei d'Integració Sociolaboral [Enregistrament de vídeo] | ||
| 260 | |a Barcelona : |b Diputació de Barcelona, |c 2003 | ||
| 300 | |a 1 disc òptic (DVD) 11 min : |b col., so | ||
| 610 | 1 | 0 | |a Barcelona (Catalunya : Província). |b Servei d'Integració Sociolaboral |9 54966 |
| 650 | 0 | |a Joves |x Treball |9 26777 | |
| 710 | 1 | |a Barcelona (Catalunya : Província). |b Servei d'Integració Sociolaboral |9 54966 | |
| 901 | |a Arxiu | ||
| 942 | |n 1 | ||
| 952 | |0 0 |1 0 |4 0 |6 CD1142 |7 1 |9 50643 |a Arxiu |b Arxiu |d 2016-12-01 |l 0 |o CD-1-142 |p 21008 |r 2016-12-01 00:00:00 |w 2016-12-01 |y ARXIU | ||
| 999 | |c 54485 |d 54485 | ||